| 000 | 01456nac a22003251u 4500 | ||
|---|---|---|---|
| 090 | _c8004 | ||
| 008 | 080730t xxu||||| |||| 00| 0 eng d | ||
| 010 | _a 2006012610 | ||
| 020 | _a0470093617 (cloth : alk. paper) | ||
| 020 | _a9780470093610 (cloth : alk. paper) | ||
| 035 | _a(OCoLC)ocm67840128 | ||
| 035 | _a(OCoLC)67840128 | ||
| 082 | 0 | 0 |
_a621.381 _bVAR |
| 100 | _aVaradan, V. K., | ||
| 245 | 1 | 0 |
_aSmart material systems and MEMS : _bdesign and development methodologies / _cVijay K. Varadan, K.J. Vinoy, S. Gopalakrishnan. |
| 260 |
_aChichester, England ; _aHoboken, NJ : _bJohn Wiley & Sons,c2006. _cc2006. |
||
| 300 |
_axii, 404 p. : _bill. ; _c26 cm. |
||
| 500 | _aDistributer: Al-Ahram. | ||
| 504 | _aIncludes bibliographical references and index. | ||
| 511 | _aCatalogued By: Mahitab. | ||
| 650 | 0 | _aMicroelectromechanical systems. | |
| 650 | 0 | _aSmart materials. | |
| 700 | 1 |
_aVinoy, K. J. _q(Kalarickaparambil Joseph), _d1969- |
|
| 700 | 1 | _aGopalakrishnan, S. | |
| 856 | 4 | 1 |
_3Table of contents _uhttp://www.loc.gov/catdir/toc/ecip0612/2006012610.html |
| 856 | 4 | 1 |
_3Publisher description _uhttp://www.loc.gov/catdir/enhancements/fy0654/2006012610-d.html |
| 856 | 4 | 1 |
_3Contributor biographical information _uhttp://www.loc.gov/catdir/enhancements/fy0741/2006012610-b.html |
| 942 |
_cBB _k621.381VAR _2ddc |
||
| 999 |
_c8004 _d8004 |
||